000 00616nam a2200181Ia 4500
008 151018s9999 xx 000 0 und d
082 _bRBASDV45222
_a891.433
100 _aनर्मदा इंदूरखा
245 _aनैतिक शिक्षा
250 _b1
260 _bनर्मदा पुस्तक प्रकाशन
_c2006
300 _a54
600 _aनर्मदा इंदूरखा
630 _aनैतिक शिक्षा
700 _aनर्मदा इंदूरखा
730 _aनैतिक शिक्षा
942 _cBOOK
999 _c1044410
_d1044407